Statistiques concernant Paroles - Les fêtes de Mauléon

Cliquez ici pour prendre le quiz!

Statistiques générales

  • Ce quiz a été pris 30 fois
  • Le résultat moyen est 191 sur 329

Statistiques - réponses

HintAnswers% Correct
4coin
80%
5 | 7 | 16 | +31 othersde
80%
17 | 25Mauleon
80%
83 | 93 | 176 | +6 othersMauléon
80%
3petit
80%
12 | 130 | 193 | 199du
73%
10 | 21 | 32 | +7 otherset
73%
8 | 54 | 147 | +5 othersla
73%
6Navarre
73%
48 | 59 | 141 | +5 othersqui
73%
196au
67%
19avec
67%
44 | 107beau
67%
225ce
67%
79 | 89 | 172 | +6 othersc'est
67%
23d'amour
67%
61 | 129 | 135 | +3 othersdans
67%
137 | 222des
67%
55
saint
67%
20envie
67%
236Farandoles
67%
47 | 140 | 283farandoles
67%
29 | 81 | 91 | +7 othersfêtes
67%
18licharre
67%
102me
67%
11meme
67%
74nuits
67%
14on
67%
15parle
67%
2plus
67%
148 | 244 | 291saint
67%
206se
67%
63 | 156 | 252 | 299bras
60%
78 | 88 | 134 | +6 othersça
60%
66 | 159 | 255 | 302cher
60%
75 | 85 | 168 | +5 othersd'ivresse
60%
58 | 151 | 247 | 294filles
60%
67 | 160 | 256galant
60%
303gallant
60%
56 | 149 | 245 | 292jean
60%
57 | 246 | 293jolies
60%
150Jolies
60%
187Le
60%
99le
60%
62 | 80 | 90 | +10 othersles
60%
65 | 158 | 254 | 301leur
60%
49 | 142 | 238 | 285s'envolent
60%
69 | 162 | 258 | 305sérénades
60%
27 | 37ses
60%
30 | 33si
60%
9 | 40soule
60%
133Tout
60%
77 | 87 | 170 | +5 otherstout
60%
51 | 144 | 232 | +2 othersaux
53%
257Cavalcades
53%
68 | 161 | 304cavalcades
53%
76 | 86 | 179 | +4 othersd'allégresse
53%
169d'allegresse
53%
35d'entrain
53%
52 | 145 | 241 | 288feux
53%
1jusqu'au
53%
13labourd
53%
84 | 167nuits
53%
177 | 263 | 273 | +2 othersNuits
53%
60 | 153 | 249 | 296pétillent
53%
34pleines
53%
28superbes
53%
96 | 123 | 203un
53%
73 | 166 | 262 | 309chansons
47%
105est
47%
119parties
47%
121pelotes
47%
188 | 226soir
47%
43son
47%
31vivantes
47%
38allées
40%
41coquettes
40%
103direz
40%
70 | 163 | 259 | 306d'irrintzinas
40%
94
venez
40%
95donc
40%
50 | 239 | 286flambant
40%
45folklore
40%
97 | 204peu
40%
100programme
40%
104s'il
40%
110trouverez
40%
98 | 202voir
40%
101 | 108vous
40%
106vraiment
40%
109y
40%
138bons
33%
116chevaux
33%
191cohue
33%
205comment
33%
139copains
33%
114course
33%
126danseurs
33%
223environs
33%
197fin
33%
192générale
33%
136l'ambiance
33%
113l'éternelle
33%
208 | 211 | 217nos
33%
230pour
33%
46souletin
33%
118splendides
33%
194vieux
33%
215bergers
27%
229campagne
27%
124choix
27%
227déserté
27%
143flambant
27%
198fond
27%
231gouter
27%
221jeunesse
27%
218montagnes
27%
127souletins
27%
207trimballent
27%
224
ont
20%
128Fandango
20%
201faut
20%
209Maritxu
20%
111messieurs
20%
200plachot
20%
212Ramuntxo
20%
22beaucoup
13%
132gavotte
13%
131verre
13%
195fort
7%
214fougueux
7%
112mesdames
7%

Distribution des résultats

Percentile par nombre de réponses

% des personnes avec chaque résultat

Votre développement - résultats

Vous n’avez pas pris ce quiz